Rozhodování o investicích v podmínkách rizika.
Posudzovanie výhodnosti investícií. Metóda čistej súčasnej hodnoty. Kalkulácia kapitálových nákladov. Riziká vyplývajúce z rôznych činností firmy. Riziko trhu a špecifické riziko. Požadovaná miera výnosnosti. Podnikateľské riziko a finančné riziko. Moderné prístupy k zhodnoteniu investícií.
Enregistré dans:
| Auteur principal: | |
|---|---|
| Format: | Chapitre de livre |
| Langue: | tchèque |
| Sujets: | |
| Tags: |
Pas de tags, Soyez le premier à ajouter un tag!
|
MARC
| LEADER | 00000naa a2200000 4500 | ||
|---|---|---|---|
| 001 | r011330 | ||
| 005 | 20220831075106.2 | ||
| 041 | 0 | |a cze | |
| 044 | |a [CS] | ||
| 245 | 1 | 0 | |a Rozhodování o investicích v podmínkách rizika. |c M. Dedouchová |
| 520 | |a Posudzovanie výhodnosti investícií. Metóda čistej súčasnej hodnoty. Kalkulácia kapitálových nákladov. Riziká vyplývajúce z rôznych činností firmy. Riziko trhu a špecifické riziko. Požadovaná miera výnosnosti. Podnikateľské riziko a finančné riziko. Moderné prístupy k zhodnoteniu investícií. | ||
| 610 | 2 | 0 | |a podnikanie |
| 610 | 2 | 0 | |a investície |
| 610 | 2 | 0 | |a firmy |
| 610 | 2 | 0 | |a riziko |
| 610 | 2 | 0 | |a náklady investičné |
| 610 | 2 | 0 | |a sadzby diskontné |
| 610 | 2 | 0 | |a trh |
| 610 | 2 | 0 | |a projekty |
| 610 | 2 | 0 | |a kalkulácia nákladov |
| 610 | 2 | 0 | |a analýza nákladov a výnosov |
| 100 | 1 | |a Dedouchová, Marcela | |